000 00598nam a2200253Ia 4500
005 20250425161919.0
008 250425s9999 xx 000 0 und d
020 _a9505373791
041 _aspa
043 _aag
082 _a658.4
100 _aRICO, RUBEN ROBERTO
245 0 _aBENCHMARKING ESTRATEGICO Y TACTICO
250 _a1A ED.
260 _aArgentina
_bEDICIONES MACCHI
_c1996
260 _aBUENOS AIRES
300 _a123
650 _aBENCHMARKING
650 _aMETODOLOGIA
650 _aPLANIFICACION ESTRATEGICA
710 _aMACHI
942 _c01
010 _a34778
999 _c218754
_d218754